<?xml version="1.0" encoding="UTF-8"?>
<record
    xmlns:xsi="http://www.w3.org/2001/XMLSchema-instance"
    xsi:schemaLocation="http://www.loc.gov/MARC21/slim http://www.loc.gov/standards/marcxml/schema/MARC21slim.xsd"
    xmlns="http://www.loc.gov/MARC21/slim">

  <leader>04054cam a2200421 i 4500</leader>
  <controlfield tag="003">EG-GICUC</controlfield>
  <controlfield tag="005">20260310102435.0</controlfield>
  <controlfield tag="008">090827s2010    enka   frb    001 0 eng d</controlfield>
  <datafield tag="020" ind1=" " ind2=" ">
    <subfield code="a">9780521119979</subfield>
    <subfield code="q">hbk. : alk. paper</subfield>
  </datafield>
  <datafield tag="020" ind1=" " ind2=" ">
    <subfield code="a">0521119979</subfield>
    <subfield code="q">hbk. : alk. paper</subfield>
  </datafield>
  <datafield tag="040" ind1=" " ind2=" ">
    <subfield code="a">DLC</subfield>
    <subfield code="c">DLC</subfield>
    <subfield code="d">BTCTA</subfield>
    <subfield code="d">BWKUK</subfield>
    <subfield code="d">BWK</subfield>
    <subfield code="d">YDXCP</subfield>
    <subfield code="d">CDX</subfield>
    <subfield code="d">BOP</subfield>
    <subfield code="d">UKM</subfield>
    <subfield code="d">RCJ</subfield>
    <subfield code="d">DLC</subfield>
    <subfield code="d">EG-GICUC</subfield>
    <subfield code="b">eng</subfield>
    <subfield code="e">rda</subfield>
  </datafield>
  <datafield tag="050" ind1="0" ind2="0">
    <subfield code="a">K4610</subfield>
    <subfield code="b">.L39 2010</subfield>
  </datafield>
  <datafield tag="082" ind1="0" ind2="0">
    <subfield code="a">347.87</subfield>
    <subfield code="2">21</subfield>
  </datafield>
  <datafield tag="092" ind1="0" ind2="4">
    <subfield code="2">21</subfield>
  </datafield>
  <datafield tag="099" ind1=" " ind2=" ">
    <subfield code="a">Law 12 2010</subfield>
  </datafield>
  <datafield tag="245" ind1="0" ind2="4">
    <subfield code="a">The law, economics and politics of retaliation in WTO dispute settlement /</subfield>
    <subfield code="c">edited by Chad P. Bown, Joost Pauwelyn.</subfield>
  </datafield>
  <datafield tag="264" ind1=" " ind2=" ">
    <subfield code="a">Cambridge, UK ;</subfield>
    <subfield code="a">New York :</subfield>
    <subfield code="b">Cambridge University Press,</subfield>
    <subfield code="c">2010.</subfield>
  </datafield>
  <datafield tag="300" ind1=" " ind2=" ">
    <subfield code="a">xiv, 677 pages :</subfield>
    <subfield code="b">illustrations ;</subfield>
    <subfield code="c">24 cm.</subfield>
  </datafield>
  <datafield tag="336" ind1=" " ind2=" ">
    <subfield code="a">text</subfield>
    <subfield code="2">rdacontent</subfield>
  </datafield>
  <datafield tag="337" ind1=" " ind2=" ">
    <subfield code="a">Computer</subfield>
    <subfield code="2">rdamedia</subfield>
  </datafield>
  <datafield tag="338" ind1=" " ind2=" ">
    <subfield code="a">Online Resource</subfield>
    <subfield code="2">rdacarrier</subfield>
  </datafield>
  <datafield tag="490" ind1="1" ind2=" ">
    <subfield code="a">Cambridge international trade and economic law</subfield>
  </datafield>
  <datafield tag="504" ind1=" " ind2=" ">
    <subfield code="a">Includes bibliographical references and index.</subfield>
  </datafield>
  <datafield tag="505" ind1="0" ind2="0">
    <subfield code="a">The nature of WTO arbitrations on retaliation / Giorgio Sacerdoti -- The calculation and design of trade retaliation in context : what is the goal of suspending WTO obligations? / Joost Pauwelyn -- Extrapolating purpose from practice : rebalancing or inducing compliance / Gregory Shaffer and Daniel Ganin -- The law of permissible WTO retaliation / Thomas Sebastian -- From bananas to Byrd : damage calculation coming of age? / Yves Renouf -- The economics of permissible WTO retaliation / Chad P. Bown and Michele Ruta -- Sticking to the rules : quantifying the market access that is potentially protected by WTO-sanctioned trade retaliationsimon / Simon J. Evenett -- The United States' experience and practice in suspending WTO obligations / Scott D. Andersen and Justine Blanchet -- The European community's experience and practice in suspending WTO obligations / Lothar Ehring -- The politics of selecting trade retaliation in the European community : a view from the floor / H&#xE5;kan Nordstr&#xF6;m -- Canada's experience and practice in suspending WTO obligations / Vasken Khabayan -- Is retaliation useful? : observations and analysis of Mexico's experience / Jorge A. Huerta Goldman -- Procedures for the design and implementation of trade retaliation in Brazil / Luiz Eduardo Salles -- Retaliation in the WTO : the experience of Antigua and Barbuda in US-gambling / Mark E. Mendel.</subfield>
  </datafield>
  <datafield tag="505" ind1="0" ind2="0">
    <subfield code="a">Evaluating the criticism that WTO retaliation rules undermine the utility of WTO dispute settlement for developing countries / Hunter Nottage -- Optimal sanctions in the WTO : the case for decoupling (and the uneasy case for the status quo) / Alan O. Sykes -- Sanctions in the WTO : problems and solutions / William J. Davey -- WTO retaliatory measures : the case for multilateral regulation of the domestic decision-making process / Reto Malacrida -- The WTO secretariat and the role of economics in panels and arbitrations / Chad P. Bown -- The equivalence standard under Article 22.4 of the DSU : a 'tariffic' misunderstanding? / Simon Schropp -- Cross-retaliation and suspension under the GATS and TRIPS agreements / Werner Zdouc -- Cross-retaliation in TRIPS : issues of law and practice / Frederick Abbott -- Preliminary thoughts on WTO retaliation in the services sector / Arthur E. Appleton -- Compensation assessments : perspectives from investment arbitration / Gabrielle Kaufmann-Kohler -- Reforming WTO retaliation : any lessons from competition law? / Simon J. Evenett.</subfield>
  </datafield>
  <datafield tag="610" ind1="2" ind2="0">
    <subfield code="a">World Trade Organization</subfield>
    <subfield code="v">Rules and practice.</subfield>
  </datafield>
  <datafield tag="650" ind1=" " ind2="0">
    <subfield code="a">Arbitration (International law)</subfield>
  </datafield>
  <datafield tag="650" ind1=" " ind2="0">
    <subfield code="a">Foreign trade regulation.</subfield>
  </datafield>
  <datafield tag="650" ind1=" " ind2="0">
    <subfield code="a">Dumping (International trade)</subfield>
    <subfield code="x">Law and legislation.</subfield>
  </datafield>
  <datafield tag="650" ind1=" " ind2="0">
    <subfield code="a">Tariff</subfield>
    <subfield code="x">Law and legislation.</subfield>
  </datafield>
  <datafield tag="650" ind1=" " ind2="0">
    <subfield code="a">Import quotas.</subfield>
  </datafield>
  <datafield tag="700" ind1="1" ind2=" ">
    <subfield code="a">Bown, Chad P.,</subfield>
    <subfield code="q">(Chad Philips),</subfield>
    <subfield code="d">1972-</subfield>
    <subfield code="e">editor.</subfield>
  </datafield>
  <datafield tag="700" ind1="1" ind2=" ">
    <subfield code="a">Pauwelyn, Joost,</subfield>
    <subfield code="e">editor.</subfield>
  </datafield>
  <datafield tag="830" ind1=" " ind2="0">
    <subfield code="a">Cambridge international trade and economic law.</subfield>
  </datafield>
  <datafield tag="856" ind1="4" ind2="0">
    <subfield code="u">https://fll.law.cu.edu.eg/fulltext/bks/ENGB12-00082.pdf</subfield>
  </datafield>
  <datafield tag="905" ind1=" " ind2=" ">
    <subfield code="a">10</subfield>
  </datafield>
  <datafield tag="942" ind1=" " ind2=" ">
    <subfield code="2">ddc</subfield>
    <subfield code="c">BK</subfield>
    <subfield code="e">21</subfield>
    <subfield code="n">0</subfield>
  </datafield>
  <datafield tag="999" ind1=" " ind2=" ">
    <subfield code="c">65947</subfield>
    <subfield code="d">65947</subfield>
  </datafield>
  <datafield tag="952" ind1=" " ind2=" ">
    <subfield code="0">0</subfield>
    <subfield code="1">0</subfield>
    <subfield code="2">ddc</subfield>
    <subfield code="4">0</subfield>
    <subfield code="7">0</subfield>
    <subfield code="8">&#x627;&#x644;&#x642;&#x627;&#x646;&#x648;&#x646; &#x627;&#x644;&#x62F;&#x648;&#x644;&#x64A; &#x627;&#x644;&#x62E;&#x627;&#x635;</subfield>
    <subfield code="a">CU</subfield>
    <subfield code="b">LAW2</subfield>
    <subfield code="d">2026-03-10</subfield>
    <subfield code="l">0</subfield>
    <subfield code="o">Law2 12 347.87 LA 2010 1200082 C1</subfield>
    <subfield code="p">ENGB12-00082</subfield>
    <subfield code="r">2026-03-10 10:26:18</subfield>
    <subfield code="t">1</subfield>
    <subfield code="w">2026-03-10</subfield>
    <subfield code="y">BK</subfield>
    <subfield code="z">1968</subfield>
  </datafield>
</record>
